LEADER 01370nam a2200301 u 4500 001 000000075896 003 CaOOAMICUS 005 20220111131053.0 008 031024s2002 mnu u000 u eng u 020 $a0800660447 032 $aLibriCat 035 $a10974140 040 $aPUL$bita 100 1 $aBovon, François,$d1938-$0(OLS)http://pul/name/21104 245 10$aLuke 1 :$ba commentary on the Gospel of Luke 1 : 1-9 : 50 /$cby François Bovon ; edited by Helmut Koester ; translation by Christine M. Thomas. 260 $aMinneapolis :$bFortress Press,$c2002. 300 $a441 p. ;$c24 cm 490 1 $aHermeneia : a critical and historical commentary on the Bible 630 04$aBiblia.$pN.T.$pLucas.$0(OLS)http://pul/subject/37878 700 1 $aKoester, Helmut,$d1926-$0(OLS)http://pul/name/11122 830 0$aHermeneia : a critical and historical commentary on the Bible.$0(OLS)http://pul/title/16749 850 $aPUL 852 $aPUL$W1$xSL Religione 1$y3$m6(1) E 49.1$j97564$nBK-PRI$b $qStampati$B97564$CPULBib$Z2$F97564 $H90906 $81 941 1 $a8 996 $6020$a0800660447$9(OLS)http://pul/number/99320 996 $6245$aLuke 1 :$ba commentary on the Gospel of Luke 1 : 1-9 : 50$9(OLS)http://pul/title/99557 996 $6260$aMinneapolis :$bFortress Press$9(OLS)http://pul/publisher/52703 LEADER 01650nam a2200337 u 4500 001 000000057044 003 CaOOAMICUS 005 20070226120535.0 008 010426s1994 it u000 u ita u 020 $a8804389982 035 $a10886620 040 $aPUL(R)$bita 041 1 $aita$heng 100 1 $aNeuhaus, Richard John.$0(OLS)http://pul/name/35613 240 10$aDoing Well and Doing Good : The Challenge to the Christian Capitalist.$lItaliano.$0(OLS)http://pul/title/76333 245 10$aSolidarietà e profitto :$bla sfida del capitalismo cristiano /$cRichard John Neuhaus ; traduzione di Marco Lunari. 260 $aRozzano, Milano :$bLeonardo,$c1994. 300 $a285 p. ;$c22 cm 504 $aNote bibliografiche. 650 04$aChiesa cattolica$xpastorale$xgiovani.$0(OLS)http://pul/subject/2596 650 4$aEconomia.$0(OLS)http://pul/subject/1893 700 1 $aLunari, Marco.$0(OLS)http://pul/name/39932 850 $aPUL 852 $aPUL$W1$xDP1 Altre Collocazioni$y17$mSenza collocazione$j12$nBK-PRI$b $qStampati$B74708$CPULBib$Z2$F74708 $H $81 852 $aPUL$W1$xDP1 Fondo Gelio$y54$m5 B 13$j74709$nBK-PRI$b $qFondi$B74709$CPULBib$Z2$F74709 $HPUL002184 $81 852 $aPUL$W1$xDP1 Fondo De Girolamo$y124$m1 A 41$j41535$b3.copia$qFondi$B198700$CPULBib$Z2$F198700 $81 941 1 $a8 941 1 $a1 996 $6020$a8804389982$9(OLS)http://pul/number/72023 996 $6245$aSolidarietà e profitto :$bla sfida del capitalismo cristiano$9(OLS)http://pul/title/76334 996 $6260$aRozzano, Milano :$bLeonardo$9(OLS)http://pul/publisher/68380